000 00853pam a2200265 a 4500
001 3824400
003 BD-DhUL
005 20170419150614.0
008 860807s1987 laua b s001 0 eng
010 _a 86020040
020 _a0807113026
040 _aDLC
_cDLC
_dDLC
_dBD-DhUL
043 _an-us---
050 0 0 _aE185.6.M953
_bS68 1987
082 0 0 _a305.8
_219
_bSOU
100 1 _aSouthern, David W.
245 1 0 _aGunnar Myrdal and Black-white relations :
_bthe use and abuse of An American dilemma, 1944-1969 /
_cDavid W. Southern.
260 _aBaton Rouge :
_bLouisiana State University Press,
_cc1987.
300 _axviii, 341 p. :
_bill. ;
_c24 cm.
500 _aIncludes index.
504 _aBibliography: p. 311-330.
600 1 0 _aMyrdal, Gunnar,
_d1898-1987.
_tAmerican dilemma.
650 0 _aAfrican Americans.
942 _2ddc
_cREF
999 _c188297
_d188297